header

Java ME game programming (Record no. 38484)

MARC details
000 -LEADER
fixed length control field 01220nam a22003374a 4500
082 04 - DEWEY DECIMAL CLASSIFICATION NUMBER
Classification number 005.1/1
100 1# - MAIN ENTRY--AUTHOR NAME
Personal name Flynt, John P.
245 10 - TITLE STATEMENT
Title Java ME game programming
250 ## - EDITION STATEMENT
Edition statement 2nd ed.
260 ## - PUBLICATION, DISTRIBUTION, ETC. (IMPRINT)
Place of publication Boston, MA :
Name of publisher Thomson Course Technology,
Year of publication 2007.
300 ## - PHYSICAL DESCRIPTION
Number of Pages xix, 488 p. :
Other physical details ill.
500 ## - GENERAL NOTE
General note Includes index.
650 #0 - SUBJECT ADDED ENTRY--TOPICAL TERM
Topical Term Java (Computer program language)
Topical Term Mobile computing.
Topical Term Wireless communication systems.
700 1# - ADDED ENTRY--PERSONAL NAME
Personal name Wells, Martin J.
856 40 - ELECTRONIC LOCATION AND ACCESS
Uniform Resource Identifier http://site.ebrary.com/lib/rucke/Doc?id=10228176

No items available.

© 2026 Rongo University
Contact us: librarian | system librarian | Rongo university